<?xml version="1.0" encoding="UTF-8"?>
<collection xmlns="http://www.loc.gov/MARC21/slim">
 <record>
  <leader>00534nam a22001455a 4500</leader>
  <controlfield tag="001">EUN.um042810</controlfield>
  <controlfield tag="008">041125s1975####pe#a##########000#0#spa#d</controlfield>
  <controlfield tag="005">20090408120431.0</controlfield>
  <datafield tag="245" ind1="1" ind2="0">
   <subfield code="a">Diagrama computacional para curvas de demanda hídrica en riego /</subfield>
   <subfield code="c">Jorge A. Luque, Antonio Craff.</subfield>
  </datafield>
  <datafield tag="260" ind1=" " ind2=" ">
   <subfield code="a">Lima :</subfield>
   <subfield code="b">IICA, Dirección regional para la zona andina,</subfield>
   <subfield code="c">1975.</subfield>
  </datafield>
  <datafield tag="300" ind1=" " ind2=" ">
   <subfield code="a">28 p. :</subfield>
   <subfield code="b">ilus. ;</subfield>
   <subfield code="c">27 cm.</subfield>
  </datafield>
  <datafield tag="100" ind1="1" ind2=" ">
   <subfield code="a">Luque, Jorge Alfredo.</subfield>
  </datafield>
  <datafield tag="700" ind1="1" ind2=" ">
   <subfield code="a">Craff, Antonio.</subfield>
  </datafield>
  <datafield tag="082" ind1="0" ind2="4">
   <subfield code="a">631.7</subfield>
  </datafield>
  <datafield tag="859" ind1=" " ind2=" ">
   <subfield code="a">Ar-BaUNS</subfield>
   <subfield code="b">BIB. CENTRAL - Sector C</subfield>
   <subfield code="h">631.7</subfield>
   <subfield code="i">L974-7</subfield>
   <subfield code="p">73943/976</subfield>
  </datafield>
 </record>
</collection>
